Les vainqueurs de la FA Cup (Coupe d'Angleterre) depuis 1946 - Statistiques

Statistiques générales
  • Ce quiz a été pris 292 fois
  • Le résultat moyen est 57 sur 71
Statistiques - réponses
Année Vainqueur % Correct
1950 Arsenal FC
99%
1971 Arsenal FC
99%
1979 Arsenal FC
99%
1993 Arsenal FC
99%
1998 Arsenal FC
99%
2002 Arsenal FC
99%
2003 Arsenal FC
99%
2005 Arsenal FC
99%
2014 Arsenal FC
99%
2015 Arsenal FC
99%
1948 Manchester United
99%
1963 Manchester United
99%
1977 Manchester United
99%
1983 Manchester United
99%
1985 Manchester United
99%
1990 Manchester United
99%
1994 Manchester United
99%
1996 Manchester United
99%
1999 Manchester United
99%
2004 Manchester United
99%
2016 Manchester United
99%
1970 Chelsea FC
98%
1997 Chelsea FC
98%
2000 Chelsea FC
98%
2007 Chelsea FC
98%
2009 Chelsea FC
98%
2010 Chelsea FC
98%
2012 Chelsea FC
98%
1956 Manchester City
98%
1969 Manchester City
98%
2011 Manchester City
98%
1965 Liverpool FC
97%
1974 Liverpool FC
97%
1986 Liverpool FC
97%
1989 Liverpool FC
97%
1992 Liverpool FC
97%
2001 Liverpool FC
97%
2006 Liverpool FC
97%
1961 Tottenham Hotspur
89%
1962 Tottenham Hotspur
89%
1967 Tottenham Hotspur
89%
1981 Tottenham Hotspur
89%
1982 Tottenham Hotspur
89%
1991 Tottenham Hotspur
89%
1966 Everton FC
82%
1984 Everton FC
82%
1995 Everton FC
82%
1951 Newcastle United
80%
1952 Newcastle United
80%
1955 Newcastle United
80%
1957 Aston Villa
78%
1964 West Ham United
74%
1975 West Ham United
74%
1980 West Ham United
74%
1959 Nottingham Forest
71%
1972 Leeds United
68%
1976 Southampton FC
61%
1973 Sunderland AFC
54%
1949 Wolverhampton Wanderers
41%
1960 Wolverhampton Wanderers
41%
1978 Ipswich Town
37%
2008 Portsmouth FC
35%
1958 Bolton Wanderers
34%
1954 West Bromwich Albion
30%
1968 West Bromwich Albion
30%
2013 Wigan Athletic
29%
1988 Wimbledon FC
28%
1946 Derby County
24%
1987 Coventry City
23%
1953 Blackpool FC
22%
1947 Charlton Athletic
17%
Aucun quiz correspondant
Distribution des résultats
% des personnes avec chaque résultat
Percentile par nombre de réponses
Votre historique - résultats
Vous n’avez pas pris ce quiz